| 000 | 01462cad a22002175a 4500 | ||
|---|---|---|---|
| 001 | L156413 | ||
| 008 | 120518s2012 xxk 000 0 eng d | ||
| 035 | _a(Sirsi) u156413 | ||
| 041 | 0 | _aeng | |
| 110 | 2 | _aDTZ | |
| 245 | 0 | 0 |
_aInvestment market update Europe _h[electronic resource] |
| 260 |
_aLondon _bDTZ _c2012 |
||
| 490 | 0 |
_aDTZ Investment Market Update Europe _vQ1 2012 15 May 2012 |
|
| 520 | _aTotal real estate investment activity totalled Euros 23.4bn in Q1 2012, 2% up on the same period in 2011. Volumes were 30% down on Q4 2011. Performance spread widely across Europe's largest markets: UK saw a 2% increase q-o-q to Euros 8.9bn; French volumes dropped by 75% to Euros 2bn; Germany held ground with Euros 5bn invested in Q1. Domestic investment totalled Euros 14.6bn, 32% down on Q4 2011. Cross-border investment was also down on a quarterly basis at Euros 8.8bn. Private property vehicles and companies remained dominant. 2012 forecast for investment transaction volume is Euros 100bn, a fall of 10% from 2011. | ||
| 520 | _aExecutive summary - Economic context - UK investment volume - Source of capital - Investor type - Property type - Yield trends - Outlook- Significant deals and key figures. | ||
| 590 | _aNTK KA | ||
| 651 | 4 | _aEurope | |
| 690 |
_aCommercial property _96227 |
||
| 856 | 4 | 0 |
_uhttps://www.dtz.com/Global/Research/Investment+Market+Update+Europe+Q1+2012 _zView the report after free registration at www.dtz.com |
| 942 | _n0 | ||
| 999 |
_c84000 _d84000 |
||